| 000 | 00442nam a22001577a 4500 | ||
|---|---|---|---|
| 999 |
_c41282 _d41282 |
||
| 003 | OSt | ||
| 005 | 20210412151313.0 | ||
| 008 | 210412b ||||| |||| 00| 0 eng d | ||
| 040 | _coclc | ||
| 082 |
_a297 _bUBA/S |
||
| 100 |
_92102 _aUbaid, T K |
||
| 245 |
_aSwathantriathinte Bharam/ _cT K Ubaid |
||
| 260 |
_aKozhikode: _b Islamic Publishing House |
||
| 300 | _a112 pages | ||
| 942 |
_2ddc _cBK _h297 _iUBA/S _k297 _mUBA/S |
||